000 01839cam a22004337a 4500
999 _c127249
_d127249
001 18371977
003 ARRUPE
005 20171121115838.0
008 141113s2009 enk b 001 0 eng
010 _a 2014469828
015 _aGBA965504
_2bnb
016 7 _a015303007
_2Uk
020 _a9781851686902 (pbk.)
020 _a1851686908 (pbk.)
035 _a(OCoLC)ocn421814088
040 _aUKM
_beng
_cUKM
_dC#P
_dYDXCP
_dDEBBG
_dBTCTA
_dBWX
_dSTF
_dOCL
_dUKMGB
_dOCLCF
_dIOO
_dDLC
042 _alccopycat
050 0 0 _aBX-100-1
082 0 4 _a189.4
_222
084 _a5,1
_2ssgn
084 _aCE 4717
_2rvk
100 1 _aFeser, Edward.
_937629
245 1 0 _aAquinas :
_ba beginner's guide /
_cEdward Feser.
260 _aOxford :
_bOneworld,
_c2009.
300 _aix, 205 p. ;
_c20 cm.
490 1 _aOneworld beginner's guides
504 _aIncludes bibliographical references and index.
505 0 _aAcknowledgements -- System of citations -- 1. St. Thomas -- 2. Metaphysics -- 3. Natural Theology -- 4. Psychology -- 5. Ethics -- Further reading -- Index.
600 0 0 _aThomas,
_cAquinas, Saint,
_d1225?-1274.
_937630
600 0 7 _aThomas,
_cAquinas, Saint,
_d1225?-1274.
_2fast
_937630
600 1 7 _aThomas (von Aquin)
_2swd
_937631
650 0 _aPhilosophy, Medieval.
_937632
650 7 _aPhilosophy, Medieval.
_2fast
_937632
655 7 _aEinführung.
_2swd
_95614
776 0 8 _iOnline version:
_aFeser, Edward.
_tAquinas.
_dOxford : Oneworld, 2009
_w(OCoLC)743489155
830 0 _aOneworld beginners' guides.
_937633
856 4 1 _3Table of contents
_uhttp://bvbr.bib-bvb.de:8991/F?func=service&doc_library=BVB01&doc_number=018002482&line_number=0001&func_code=DB_RECORDS&service_type=MEDIA
906 _a7
_bcbc
_ccopycat
_d2
_encip
_f20
_gy-gencatlg
942 _2lcc
_cMONOGRAPH